Saints et Saintes par images - Clic Quiz - Statistiques

Statistiques générales
  • Ce quiz a été pris 451 fois
  • Le résultat moyen est 12 sur 30
Statistiques - réponses
Hint Réponse % Correct
Mère Teresa
89%
Jean-Paul II
86%
Jeanne d'Arc
83%
Jean XXIII
62%
Bernadette Soubirous
54%
Padre Pio
53%
Jean-Marie Vianney
52%
Thérèse de Lisieux
51%
François d'Assise
47%
Charles de Foucauld
47%
Antoine de Padoue
44%
Vincent de Paul
41%
Jean Bosco
40%
Pie X
39%
Charbel Makhlouf
39%
Kateri Tekakwitha
38%
Maximilien Kolbe
38%
Jacinthe Marto
35%
Dominique Savio
32%
Edith Stein
32%
Augustin d'Hippone
31%
Thérèse d'Avila
26%
Faustine Kowalska
25%
Rita de Cascia
24%
Catherine de Sienne
24%
Catherine Labouré
24%
Louis-Marie Grignion de Montfort
22%
Jean de la Croix
21%
Ignace de Loyola
18%
Théophane Vénard
16%
Aucun quiz correspondant
Distribution des résultats
% des personnes avec chaque résultat
Percentile par nombre de réponses
Votre historique - résultats
Vous n’avez pas pris ce quiz